000 00755cam a2200229 a 4500
001 12001484
005 20180306091059.0
008 000509s2001 njua b 001 0 eng
010 _a 00034662
020 _a0130867586
040 _aDLC
_cDLC
_dDLC
041 _aeng
080 _a320.3 ROS
082 0 0 _a320.3 ROS
_221
100 1 _a22
101 _aPOL
245 1 0 _aCountries and concepts :
_cMichael G. Roskin.
504 _aIncludes bibliographical references and index.
906 _a7
_bcbc
_corignew
_d1
_eocip
_f20
_gy-gencatlg
942 _2ddc
_cBK
999 _c44220
_d44220